| 000 | 004690000a22001570004500 | ||
|---|---|---|---|
| 090 |
_aAR _b03863 |
||
| 245 | 1 | 0 | _aGeneric guidelines for assessing the management of non - timber forest products |
| 500 | _a<Colección Biocomercio> | ||
| 650 | 1 | 4 |
_aEspecies no maderables _996248 |
| 650 | 1 | 4 |
_aRecursos forestales _992984 |
| 650 | 1 | 4 |
_aManejo forestal _995923 |
| 650 | 1 | 4 |
_aAgroforestería _9476 |
| 041 | 0 | _aInglés | |
| 942 | _cARTICULO | ||
| 773 | 1 |
_tPreprint _q1-24 _d1999 |
|
| 999 |
_c12898 _d12898 |
||